000 00518nam a22001337a 4500
005 20241010101742.0
008 241010b |||||||| |||| 00| 0 eng d
100 _aWurst, Christopher M.
_eauthor.
_962669
245 _aPodcasts :
_busing authentic and engaging voices to connect with students /
_cChristopher M. Wurst.
260 _aWashington;
_bTaylor & Francis Group,
_cMarch-April 2020.
300 _aVolume 96, pages 22-29,
_billustration.
700 _aWurst, Christopher M.
_eauthor.
_962670
942 _2ddc
_cPER
999 _c22415
_d22415